Compatibilidad de la tentativa y el dolo eventual

Detalles Bibliográficos
Autor principal: Daza Lora, Juan Felipe
Formato: eBook
Lenguaje:español
Publicado: Bogot:̀ Universidad de Los Andes (Colombia), 2018
Materias:
Acceso en línea:Acceso restringido

MARC

LEADER 00000nam a22000007a 4500
005 20190418213829.0
007 cr|||| ||||
008 190418s2018 co |||||s|||| 00||0 spa d
020 |a 978-958-749-820-2 
035 |a 23318 
040 |a vLex 
090 |c 8670  |d 8670 
100 1 |a Daza Lora, Juan Felipe 
245 1 0 |a Compatibilidad de la tentativa y el dolo eventual  |h [Recurso electrn̤ico] /  |c Juan Felipe Daza Lora 
256 |a Servicio en ln̕ea 
260 |a Bogot:̀  |b Universidad de Los Andes (Colombia),  |c 2018 
300 |a 1 recurso electrn̤ico 
500 |a ¿Es admisible la punicin̤ de delitos no consumados carentes de voluntad real delictiva?. La posibilidad de que confluyan en un ilc̕ito la ausencia de consumacin̤, es decir, un delito en grado de tentativa, y la ausencia de un elemento volitivo equiparable al "querer", esto es, inicialmente, a tt̕ulo de dolo eventual, no se ha interpretado en la realidad jurd̕ica colombiana, llevando as ̕una errn̤ea aplicacin̤ de los preceptos legales y aun reproche punitivo severo para el autor del presunto delito tentado a tt̕ulo de dolo eventual. Es por esto que, en la obra titulada Compatibilidad de la tentativa y el dolo eventual: ¿Es admisible la punicin̤ de delitos no consumados carentes de voluntad real delictiva?, Se explora, debate y analiza la coexistencia de las dos figuras en mencin̤ y el tratamiento que debe darle el Derecho Penal colombiano a esos delitos intentados sin intencin̤ 
506 1 |a Disponible solo en los productos indicados  |d vLex Global  |d vLex Global (Academic Edition, excluding Law Schools)  |d vLex Global (U.S. Academic Edition, Law Schools)  |d vLex Global (U.S. Academic Edition, excluding Law Schools)  |d vLex Global (Academic Edition, Law Schools) 
650 0 4 |a Derecho Penal  |z Colombia 
740 0 |a vLex Libros (Servicio en ln̕ea) 
856 4 0 |u http://vlex.com/source/compatibilidad-de-la-tentativa-y-el-dolo-eventual-23318  |z Acceso restringido 
942 |c BOOK 
999 0 |a Criminal law